000 00409nam a22001457a 4500
020 _a969-35-0867-x
040 _cNUST
082 _a891.4393,BAN
100 _aBano, Qudsia
245 _aTawajah Ki Talib / توجہ کی طالب (Urdu) /
_cBano Qudsia
260 _aLahore
_bSang-e-Meel Pub
_c2010
300 _a794 p.;
650 _aUrdu Literature
_xShort Stories
_9110287
942 _2ddc
_cBK
_k891.4393,BAN
999 _c593726
_d593726